Pick The Songs - Foo Fighters - Statistics

General Stats
  • This quiz has been taken 33 times
  • The average score is 105 of 125
Answer Stats
Question Tile Select % Correct
Pick the songs that appear on Foo Fighters (self titled debut) Next Year No
100%
Pick the songs that appear on Foo Fighters (self titled debut) All My Life No
97%
Pick the songs that appear on Foo Fighters (self titled debut) Best of You No
97%
Pick the songs that appear on Foo Fighters (self titled debut) Learn to Fly No
97%
Pick the songs that appear on Foo Fighters (self titled debut) Monkey Wrench No
97%
Pick the songs that appear on Foo Fighters (self titled debut) No Way Back No
97%
Pick the songs that appear on Foo Fighters (self titled debut) See You No
97%
Pick the songs that appear on Foo Fighters (self titled debut) Times Like These No
97%
Pick the songs that appear on Foo Fighters (self titled debut) Walking After You No
97%
Pick the songs that appear on The Colour and the Shape All My Life No
94%
Pick the songs that appear on The Colour and the Shape Best of You No
94%
Pick the songs that appear on One by One Big Me No
94%
Pick the songs that appear on One by One Breakout No
94%
Pick the songs that appear on Foo Fighters (self titled debut) Cold Day in the Sun No
94%
Pick the songs that appear on Foo Fighters (self titled debut) Everlong No
94%
Pick the songs that appear on One by One Everlong No
94%
Pick the songs that appear on One by One For all the Cows No
94%
Pick the songs that appear on Foo Fighters (self titled debut) Friend of a Friend No
94%
Pick the songs that appear on Foo Fighters (self titled debut) Halo No
94%
Pick the songs that appear on The Colour and the Shape Halo No
94%
Pick the songs that appear on The Colour and the Shape Have it All No
94%
Pick the songs that appear on Foo Fighters (self titled debut) Low No
94%
Pick the songs that appear on The Colour and the Shape Low No
94%
Pick the songs that appear on One by One Monkey Wrench No
94%
Pick the songs that appear on Foo Fighters (self titled debut) My Hero No
94%
Pick the songs that appear on The Colour and the Shape No Way Back No
94%
Pick the songs that appear on One by One Stacked Actors No
94%
Pick the songs that appear on One by One This is a Call No
94%
Pick the songs that appear on The Colour and the Shape Times Like These No
94%
Pick the songs that appear on In Your Honour All My Life No
91%
Pick the songs that appear on There is Nothing Left to Lose Best of You No
91%
Pick the songs that appear on The Colour and the Shape Big Me No
91%
Pick the songs that appear on In Your Honour Big Me No
91%
Pick the songs that appear on There is Nothing Left to Lose Big Me No
91%
Pick the songs that appear on Foo Fighters (self titled debut) Breakout No
91%
Pick the songs that appear on In Your Honour Breakout No
91%
Pick the songs that appear on The Colour and the Shape Cold Day in the Sun No
91%
Pick the songs that appear on One by One Cold Day in the Sun No
91%
Pick the songs that appear on One by One End over End No
91%
Pick the songs that appear on In Your Honour Everlong No
91%
Pick the songs that appear on There is Nothing Left to Lose Everlong No
91%
Pick the songs that appear on The Colour and the Shape Exhausted No
91%
Pick the songs that appear on The Colour and the Shape For all the Cows No
91%
Pick the songs that appear on In Your Honour For all the Cows No
91%
Pick the songs that appear on There is Nothing Left to Lose For all the Cows No
91%
Pick the songs that appear on The Colour and the Shape Friend of a Friend No
91%
Pick the songs that appear on One by One Friend of a Friend No
91%
Pick the songs that appear on The Colour and the Shape Generator No
91%
Pick the songs that appear on In Your Honour Generator No
91%
Pick the songs that appear on Foo Fighters (self titled debut) Have it All No
91%
Pick the songs that appear on There is Nothing Left to Lose Have it All No
91%
Pick the songs that appear on The Colour and the Shape I'll Stick Around No
91%
Pick the songs that appear on One by One I'll Stick Around No
91%
Pick the songs that appear on In Your Honour I'll Stick Around No
91%
Pick the songs that appear on There is Nothing Left to Lose I'll Stick Around No
91%
Pick the songs that appear on The Colour and the Shape Learn to Fly No
91%
Pick the songs that appear on In Your Honour Monkey Wrench No
91%
Pick the songs that appear on There is Nothing Left to Lose Monkey Wrench No
91%
Pick the songs that appear on One by One My Hero No
91%
Pick the songs that appear on There is Nothing Left to Lose My Hero No
91%
Pick the songs that appear on The Colour and the Shape Next Year No
91%
Pick the songs that appear on One by One Next Year No
91%
Pick the songs that appear on There is Nothing Left to Lose See You No
91%
Pick the songs that appear on Foo Fighters (self titled debut) Stacked Actors No
91%
Pick the songs that appear on In Your Honour Stacked Actors No
91%
Pick the songs that appear on There is Nothing Left to Lose This is a Call No
91%
Pick the songs that appear on There is Nothing Left to Lose Times Like These No
91%
Pick the songs that appear on There is Nothing Left to Lose All My Life No
88%
Pick the songs that appear on Foo Fighters (self titled debut) Big Me Yes
88%
Pick the songs that appear on There is Nothing Left to Lose Cold Day in the Sun No
88%
Pick the songs that appear on The Colour and the Shape End over End No
88%
Pick the songs that appear on There is Nothing Left to Lose End over End No
88%
Pick the songs that appear on There is Nothing Left to Lose Exhausted No
88%
Pick the songs that appear on There is Nothing Left to Lose Friend of a Friend No
88%
Pick the songs that appear on Foo Fighters (self titled debut) Generator No
88%
Pick the songs that appear on One by One Learn to Fly No
88%
Pick the songs that appear on In Your Honour Learn to Fly No
88%
Pick the songs that appear on In Your Honour Low No
88%
Pick the songs that appear on In Your Honour My Hero No
88%
Pick the songs that appear on One by One See You No
88%
Pick the songs that appear on The Colour and the Shape Stacked Actors No
88%
Pick the songs that appear on In Your Honour This is a Call No
88%
Pick the songs that appear on In Your Honour Times Like These No
88%
Pick the songs that appear on One by One Walking After You No
88%
Pick the songs that appear on Foo Fighters (self titled debut) End over End No
84%
Pick the songs that appear on The Colour and the Shape Everlong Yes
84%
Pick the songs that appear on One by One Exhausted No
84%
Pick the songs that appear on Foo Fighters (self titled debut) For all the Cows Yes
84%
Pick the songs that appear on One by One Generator No
84%
Pick the songs that appear on In Your Honour Have it All No
84%
Pick the songs that appear on There is Nothing Left to Lose Low No
84%
Pick the songs that appear on The Colour and the Shape Monkey Wrench Yes
84%
Pick the songs that appear on The Colour and the Shape This is a Call No
84%
Pick the songs that appear on There is Nothing Left to Lose Walking After You No
84%
Pick the songs that appear on One by One Best of You No
81%
Pick the songs that appear on In Your Honour Exhausted No
81%
Pick the songs that appear on In Your Honour Halo No
81%
Pick the songs that appear on There is Nothing Left to Lose Halo No
81%
Pick the songs that appear on One by One No Way Back No
81%
Pick the songs that appear on Foo Fighters (self titled debut) This is a Call Yes
81%
Pick the songs that appear on In Your Honour Next Year No
78%
Pick the songs that appear on There is Nothing Left to Lose No Way Back No
78%
Pick the songs that appear on In Your Honour See You No
78%
Pick the songs that appear on In Your Honour Walking After You No
78%
Pick the songs that appear on The Colour and the Shape Breakout No
75%
Pick the songs that appear on One by One Times Like These Yes
72%
Pick the songs that appear on One by One All My Life Yes
69%
Pick the songs that appear on Foo Fighters (self titled debut) I'll Stick Around Yes
69%
Pick the songs that appear on The Colour and the Shape My Hero Yes
69%
Pick the songs that appear on In Your Honour Best of You Yes
66%
Pick the songs that appear on There is Nothing Left to Lose Learn to Fly Yes
66%
Pick the songs that appear on There is Nothing Left to Lose Generator Yes
63%
Pick the songs that appear on Foo Fighters (self titled debut) Exhausted Yes
59%
Pick the songs that appear on There is Nothing Left to Lose Breakout Yes
56%
Pick the songs that appear on One by One Low Yes
56%
Pick the songs that appear on There is Nothing Left to Lose Stacked Actors Yes
56%
Pick the songs that appear on The Colour and the Shape Walking After You Yes
56%
Pick the songs that appear on In Your Honour Cold Day in the Sun Yes
50%
Pick the songs that appear on In Your Honour No Way Back Yes
50%
Pick the songs that appear on In Your Honour End over End Yes
47%
Pick the songs that appear on There is Nothing Left to Lose Next Year Yes
47%
Pick the songs that appear on One by One Halo Yes
44%
Pick the songs that appear on In Your Honour Friend of a Friend Yes
41%
Pick the songs that appear on One by One Have it All Yes
41%
Pick the songs that appear on The Colour and the Shape See You Yes
41%
No matching quizzes found
Score Distribution
Percent of People with Each Score
Percentile by Number Answered
Your Score History
You have not taken this quiz